=LDR 00000nam 2200000 4500 =001 INLIS000000000011467 =005 20201221093507 =035 ##$$a 0010-061300000011467 =008 201221###########################0###### =041 ##$$a Ind =082 ##$$a 331.80 =090 ##$$a 331.80, Sud t =100 ##$$a Sudomo, Agus =245 1#$$a The Indonesian Trade union movement and its Policies a Collction of Speches, Agus Sudono =260 ##$$a 1979 :$b Jakarta =300 ##$$a 128 hlm., ilus, 21 cm =650 #4$$a Buruh Perburuhan =850 ##$$a NBPNMAT =990 ##$$a 00033371 =990 ##$$a 00033372 =990 ##$$a 00033373